|
|
|
|
| LEADER |
00000nab a2200000 a 4500 |
| 001 |
vtls000851315 |
| 003 |
SK-MaSNL |
| 005 |
20260304120008.0 |
| 008 |
250429c2003 xo 0 slo |
| 015 |
|
|
|a SNBRB2003/11-31271
|
| 035 |
|
|
|a CLN000202970
|
| 035 |
|
|
|a urn:nbn:sk:snk-abr20
|
| 035 |
|
|
|a (urnnbn)urn:nbn:sk:snk:ar-003f10
|
| 035 |
|
|
|a (uuid)3b9cf799-0561-48d8-841d-64c18926defa
|
| 040 |
|
|
|a SNKBUCL
|b slo
|c SNKBUCL
|e AACR2
|
| 041 |
0 |
|
|a slo
|
| 044 |
|
|
|a xo
|c SK
|
| 080 |
|
|
|a 347.953
|2 1997
|
| 100 |
1 |
|
|a Feťková, Gabriela
|4 aut
|9 741453
|
| 245 |
1 |
0 |
|a Právo na verejné vyhlásenie rozsudku Najvyšším súdom Slovenskej republiky
|c spracovala Gabriela Feťková
|
| 650 |
0 |
7 |
|a vyhlásenie rozsudku verejné
|2 snkbucl
|9 1423246
|
| 655 |
|
7 |
|a články z novín a časopisov
|2 snkbucl
|9 267496
|
| 773 |
0 |
|
|t Justičná revue
|g Roč. 55, č. 6-7 (2003), s. 696-699
|x 1335-6461
|
| 850 |
|
|
|a Slovenská národná knižnica
|
| 852 |
|
|
|a Slovenská národná knižnica
|
| 954 |
|
|
|a odborná, vedecká literatúra pôvodná (slovenská)
|2 lita
|
| 958 |
|
|
|a article27
|
| 958 |
|
|
|a OND
|
| 958 |
|
|
|a NB
|
| 958 |
|
|
|a EUIPO
|
| 992 |
|
|
|a RBX
|
| 999 |
|
|
|c 2878286
|d 2880216
|